| 000 | 00844cam a2200265 a 4500 | ||
|---|---|---|---|
| 001 | 15115683 | ||
| 005 | 20180302073416.0 | ||
| 008 | 071217s2009 maua b 001 0 eng | ||
| 010 | _a 2007051353 | ||
| 020 | _a9780205540877 (alk. paper) | ||
| 020 | _a0205540872 (alk. paper) | ||
| 035 | _a(OCoLC)ocn185123394 | ||
| 035 | _a(OCoLC)185123394 | ||
| 040 |
_aDLC _cDLC _dYDX _dYDXCP _dBAKER _dDLC |
||
| 041 | _aeng | ||
| 080 | _a155 BOY | ||
| 082 | 0 | 0 |
_a155 BOY _222 |
| 100 | 1 | _a8 | |
| 101 | _aEKZ | ||
| 245 | 1 | 0 |
_aLifespan development / _cDenise Boyd, Helen Bee. |
| 504 | _aIncludes bibliographical references (p. 574-625) and indexes. | ||
| 906 |
_a7 _bcbc _corignew _d1 _eecip _f20 _gy-gencatlg |
||
| 942 |
_2ddc _cBK |
||
| 999 |
_c44052 _d44052 |
||